| 000 | 00950nam a2200289 i 4500 | ||
|---|---|---|---|
| 001 | bg | ||
| 100 | 1 | _aKOPS, George J. | |
| 245 | 1 | 0 |
_aPrezentacje w biznesie : _bpraktyczny poradnik dla tych, którzy nie lubią tracić czasu / _c[George J. Kops ; tł. Michał Rusiński]. |
| 246 |
_iTyt. oryg.: _aTen minute guide to business presentations |
||
| 260 |
_aWarszawa : _bK.E. Liber, _c2001. |
||
| 300 |
_aX, 185 s. ; _c21 cm. |
||
| 490 | 1 | _aW 10 Minut | |
| 500 | _aTyt. oryg.: "Ten minute guide to business presentations", 2000. Nazwa aut. na s. X. | ||
| 504 | _aIndeks. | ||
| 650 | 9 | _aPrezentacje i wystąpienia | |
| 655 | _aPoradniki | ||
| 700 | 1 |
_aRUSIŃSKI, Michał. _eTł. |
|
| 830 | _aW 10 Minut | ||
| 015 | _aPB 1498/2002 | ||
| 020 | _a8388170376 | ||
| 040 | _cBPK | ||
| 041 | 1 |
_apol _heng |
|
| 080 | _a316.343.653:659.23:316.47](083.1) | ||
| 920 | _a83-88170-37-6 | ||
| 942 | _cKS | ||
| 008 | s pl f |000 0 pol | ||
| 999 |
_c46805 _d46805 |
||
| 856 |
_uhttp://koha.tu.koszalin.pl/cgi-bin/koha/opac-detail.pl?biblionumber=46805 _yKatalog online BPK |
||